Detroit Pistons Leading Rebounder per year - Statistics

General Stats
  • This quiz has been taken 38 times
    31 since last reset
  • The average score is 42 of 74
Answer Stats
Year Player % Correct
2020 Andre Drummond
100%
2019 Andre Drummond
100%
2018 Andre Drummond
100%
2017 Andre Drummond
100%
2016 Andre Drummond
100%
2015 Andre Drummond
100%
2014 Andre Drummond
100%
2010 Ben Wallace
94%
2006 Ben Wallace
94%
2005 Ben Wallace
94%
2004 Ben Wallace
94%
2003 Ben Wallace
94%
2002 Ben Wallace
94%
2001 Ben Wallace
94%
2007 Rasheed Wallace
94%
1989 Bill Laimbeer
89%
1988 Bill Laimbeer
89%
1987 Bill Laimbeer
89%
1986 Bill Laimbeer
89%
1985 Bill Laimbeer
89%
1984 Bill Laimbeer
89%
1983 Bill Laimbeer
89%
1982 Bill Laimbeer
89%
1980 Bob Lanier
89%
1979 Bob Lanier
89%
1978 Bob Lanier
89%
1977 Bob Lanier
89%
1976 Bob Lanier
89%
1975 Bob Lanier
89%
1974 Bob Lanier
89%
1973 Bob Lanier
89%
1972 Bob Lanier
89%
1993 Dennis Rodman
89%
1992 Dennis Rodman
89%
1991 Dennis Rodman
89%
1990 Dennis Rodman
89%
1999 Grant Hill
78%
1997 Grant Hill
78%
1996 Grant Hill
78%
2013 Greg Monroe
50%
2012 Greg Monroe
50%
2024 Jalen Duren
50%
2023 Jalen Duren
50%
2000 Jerome Williams
33%
1963 Bailey Howell
28%
1962 Bailey Howell
28%
1961 Bailey Howell
28%
1968 Dave DeBusschere
28%
1967 Dave DeBusschere
28%
1966 Dave DeBusschere
28%
2022 Isaiah Stewart
28%
1957 George Yardley
22%
1956 George Yardley
22%
2009 Antonio McDyess
17%
2008 Antonio McDyess
17%
1955 Larry Foust
17%
1954 Larry Foust
17%
1953 Larry Foust
17%
1952 Larry Foust
17%
1951 Larry Foust
17%
2021 Mason Plumlee
11%
2011 Rodney Stuckey
11%
1998 Bison Dele
6%
1964 Ray Scott
6%
1995 Terry Mills
6%
1969 Walt Bellamy
6%
1994 Olden Polynice
0%
1971 Otto Moore
0%
1970 Otto Moore
0%
1981 Phil Hubbard
0%
1965 Reggie Harding
0%
1960 Walter Dukes
0%
1959 Walter Dukes
0%
1958 Walter Dukes
0%
No matching quizzes found
Score Distribution
Percent of People with Each Score
Percentile by Number Answered
Your Score History
You have not taken this quiz since the last reset